| 000 | 00383nam a2200145Ia 4500 | ||
|---|---|---|---|
| 008 | 231129s1985||||xx |||||||||||||| ||spa|| | ||
| 020 | _a958-95085-0-2 | ||
| 040 | _bspa | ||
| 082 | _aCo862 V297t | ||
| 100 | _aVargas Bustamante Misael | ||
| 245 | 0 | _aEl teatro colombiano | |
| 260 | _c1985 | ||
| 264 | _aEdiciones del Alba | ||
| 942 |
_2ddc _cBKS |
||
| 999 |
_c12517 _d12517 |
||